QUEST Central Library Banner

Basic electrical engineering (Record no. 14628)

MARC details
000 -LEADER
fixed length control field 00233nam a22001097a 4500
082 ## - DEWEY DECIMAL CLASSIFICATION NUMBER
Classification number CAT
100 ## - MAIN ENTRY--AUTHOR NAME
Personal name Cathy Jimmie
245 ## - TITLE STATEMENT
Title Basic electrical engineering
260 ## - PUBLICATION, DISTRIBUTION, ETC. (IMPRINT)
Place of publication New York
Name of publisher McGraw Hill
Year of publication 1987
300 ## - PHYSICAL DESCRIPTION
Number of Pages 298
942 ## - ADDED ENTRY ELEMENTS (KOHA)
Koha item type Books
Holdings
Withdrawn status Lost status Collection code Home library Current library Date acquired Cost, normal purchase price Full call number Accession Number Koha item type
      Central Library, QUEST, Nawabshah Central Library, QUEST, Nawabshah 10/11/2015 95.40 CAT 12606 Books
      Central Library, QUEST, Nawabshah Central Library, QUEST, Nawabshah 10/11/2015 95.40 CAT 12607 Books
    Reference Reference Section Reference Section 10/11/2015 95.40 CAT (Shelf - 43C) 12605 Books

Copyright © 2018,The QUEST, Nawabshah, Shaheed Benazirabad. All rights reserved
Mr. G. Farooq Channar (Librarian) QUEST, Nawabshah, Sindh, Pakistan 67480.
 Ph#: |   0244-9370381-4 Ext. 2308   Email| lib@quest.edu.pk   Web|  http://www.quest.edu.pk